000 00864nam a2200229 a 4500
999 _c11436
_d11436
001 11436
003 BD-JhCC
005 20220215134022.0
008 190916s20152019bg a|||| ||a| 000 0 ben d
035 _a(BD-JhCC)11436
040 _aBD-JhCC
_dBD-JhCC
041 _aben
082 _a320.473
_bHOQ 2019
100 _aহক, মো: আনোয়ারুল
245 _aপৌরনীতি ও সুশাসন প্রথম পত্র একাদশ-দ্বাদশ শ্রেণী /
_cমো: আনোয়ারুল হক, মো: কামরুজ্জামান ।
260 _aঢাকা :
_bপুথিনিলয় প্রকাশনী,
_c২০১৯.
300 _a512 p. :
_c23 cm.
650 _aCivics
700 _aকামরুজ্জামান, মো:
942 _2ddc
_cBK
_02